Procedural Elements for Computer Graphics (Record no. 7942)
[ view plain ]
| 000 -LEADER | |
|---|---|
| fixed length control field | 00290nam a2200109Ia 4500 |
| 008 - FIXED-LENGTH DATA ELEMENTS--GENERAL INFORMATION | |
| fixed length control field | 191201s2012 xx 000 0 und d |
| 100 ## - MAIN ENTRY--PERSONAL NAME | |
| Personal name | ROGERS,David F |
| 245 #0 - TITLE STATEMENT | |
| Title | Procedural Elements for Computer Graphics |
| 250 ## - EDITION STATEMENT | |
| Edition statement | Rep |
| 260 ## - PUBLICATION, DISTRIBUTION, ETC. (IMPRINT) | |
| Date of publication, distribution, etc | 2012 |
| Name of publisher, distributor, etc | Tata mc Graw Hill |
| Place of publication, distribution, etc | NEW DELHI |
| 942 ## - ADDED ENTRY ELEMENTS (KOHA) | |
| Source of classification or shelving scheme | Dewey Decimal Classification |
| Koha item type | Text Books |
| Withdrawn status | Lost status | Source of classification or shelving scheme | Damaged status | Not for loan | Collection code | Home library | Current library | Date acquired | Source of acquisition | Cost, normal purchase price | Bill Number | Total Checkouts | Full call number | Acc. no. / Barcode | Date last seen | Actual Cost, discounted price | Bill Date | Koha item type |
|---|---|---|---|---|---|---|---|---|---|---|---|---|---|---|---|---|---|---|
| Dewey Decimal Classification | BCA | PIET C-LIBRARY | PIET C-LIBRARY | 02/04/2015 | KIRTI PRAKASHAN, NEW DELHI | 699.00 | IN-2171 | 006.6 ROP | BC1100 | 04/12/2019 | 468.33 | 04/02/2015 | Text Books |